000 00481nam a2200169 a 4500
001 000035545
005 20200930074424.0
008 111103s1990 sp a 000 0 spa d
020 _a8423408744
040 _aDO-SdBNP
_bspa
_cBNPHU
082 _axxx
_bH318t
100 1 _aHarrison, Tony
_961438
245 1 0 _aTécnicas de publicidad /
_cTony Harrison.
260 _aMadrid :
_bEdiciones Deusto,
_c1990.
300 _a242 p. :
_bil. ;
_c25 cm.
500 _aIncluye índice alfabético
999 _c35036
_d35036